[Event "Capitan San Luis Memorial 3rd"]
[Site "Havana"]
[Date "2018.04.19"]
[Round "4"]
[White "Barreras Cabrera, Jose Manuel"]
[Black "Melis Gras, Rolando Eusebio"]
[Result "1/2-1/2"]
[WhiteElo "1933"]
[BlackElo "1824"]
[PlyCount "40"]
[EventDate "2018.04.16"]
[EventType "swiss"]
[EventRounds "9"]
[EventCountry "CUB"]
[SourceTitle "EXT 2021"]
[Source "ChessBase"]
[SourceDate "2020.10.23"]
[SourceVersion "1"]
[SourceVersionDate "2020.10.23"]
[SourceQuality "1"]

1. d4 Nf6 2. Nf3 d5 3. Bf4 e6 4. e3 c5 5. c3 Nc6 6. Nbd2 b6 7. Bd3 Bb7 8. Rc1 Be7 9. Bb1 Nh5 10. Ne5 Nxf4 11. exf4 cxd4 12. Nxc6 Bxc6 13. cxd4 Bb5 14. Qb3 Qd7 15. Bd3 Bxd3 16. Qxd3 Bb4 17. 0-0 Bxd2 18. Qxd2 0-0 19. Rc3 Rac8 20. Rfc1 Rxc3 1/2-1/2